000 00747cam a22002413a 4500
001 17967
003 PGUSA
005 20140828083401.0
008 060311s2006||||xxu|||||s|||||000 1 eng d
040 _aPGUSA
_beng
042 _adc
050 4 _aPZ
100 1 _aDavidson, Halsey
245 1 0 _aNavy Boys Behind the Big Guns; Or, Sinking the German U-Boats
_h[electronic resource] /
_cHalsey Davidson
260 _bProject Gutenberg,
_c2006
506 _aPublic domain in the USA.
516 _aElectronic text
653 _aWorld War, 1914-1918 -- Naval operations -- Juvenile fiction
700 1 _aOwen, Robert Emmett,
_d1878-1957
830 0 _aProject Gutenberg
_v17967
856 4 0 _uhttp://www.gutenberg.org/ebooks/17967
942 _cEB
999 _c247222
_d247222